LEADER 01682nam a2200373 u 4500 001 000000031758 003 CaOOAMICUS 005 20150721122557.0 008 971007s1972 it u000 u ita u 035 $a10771872 040 $aPUL$bita$dPUL 041 1 $aita$agrc$hger 100 1 $aGnilka, Joachim,$d1928-$0(OLS)http://pul/name/9821 240 10$aPhilipperbrief.$lItaliano.$0(OLS)http://pul/title/43699 245 13$aLa lettera ai Filippesi /$ccommento di Joachim Gnilka ; traduzione italiana di Germano Re ; edizione italiana a cura di Franco Ronchi. 260 $aBrescia :$bPaideia,$c1972. 300 $a370 p.$c23 cm 490 1 $aCommentario teologico del Nuovo Testamento ;$vX, 3 500 $aComprende indici. 504 $aBibliografia in nota. 630 04$aBiblia.$pN.T.$pAd Philippenses$xCommenti.$0(OLS)http://pul/subject/8031 700 1 $aRonchi, Franco.$0(OLS)http://pul/name/25184 700 1 $aRe, Germano.$0(OLS)http://pul/name/15223 730 0 $aBiblia.$pN.T.$pAd Philippenses.$lItaliano.$0(OLS)http://pul/title/43701 830 0$aCommentario teologico del Nuovo Testamento ;$vX, 3.$0(OLS)http://pul/title/43668 850 $aPUL 852 $aPUL$W1$xSL Religione 1$y3$m1(7) P 1.10.3$j43807$nBK-PRI$b $qStampati$B43807$CPULBib$Z2$F43807 $82 852 $aPUL$W1$xDP1 Fondo S. Lanza$y121$m3 K 82.10.3$j167710$qFondi$B168275$CPULBib$Z2$F168275 $HLAN2571 $82 941 1 $a8 941 1 $a1 961 $aINV: 37737 961 $aNota ms. di possesso: Sergio Lanza 996 $6245$aLa lettera ai Filippesi$9(OLS)http://pul/title/43700 996 $6260$aBrescia :$bPaideia$9(OLS)http://pul/publisher/47884 LEADER 01207nam a2200265 u 4500 001 000000058552 003 CaOOAMICUS 005 20070226120714.0 008 010607s1998 it u000 u ita u 020 $a8876106731 035 $a10891681 040 $aPUL(R)$bita 100 1 $aCastaldi, Pierluigi.$0(OLS)http://pul/name/40598 245 10$aTempo di liberismo cristiano? :$bmercato e solidarietà nel mondo della Centesimus annus /$cPierluigi Castaldi. 260 $aMilano :$bÀncora,$c1998. 300 $a111 p. ;$c21 cm 504 $a"Testi citati: p. 104-105". 610 24$aPapi (1978-2005 : Iohannes Paulus PP. II).$tCentesimus annus.$0(OLS)http://pul/subject/19578 650 4$aGlobalizzazione (economia).$0(OLS)http://pul/subject/20545 850 $aPUL 852 $aPUL$W1$xDP1 Altre Collocazioni$y17$mSenza collocazione$j12$nBK-PRI$b $qStampati$B76481$CPULBib$Z2$F76481 $H $81 941 1 $a8 996 $6020$a8876106731$9(OLS)http://pul/number/74241 996 $6245$aTempo di liberismo cristiano? :$bmercato e solidarietà nel mondo della Centesimus annus$9(OLS)http://pul/title/78441 996 $6260$aMilano :$bÀncora$9(OLS)http://pul/publisher/53070